Fill in the Blank First Name Trivia Quiz Stats

Quiz not verified by Sporcle

Challenge
Share
Tweet
Embed
Score 0/24 Timer 03:00
0 Plays Today
First name colloquialism Fill in the blank % Correct
Bloody ____Mary
91.6%
____'s AppleAdam
89.2%
Curious _____George
88%
(for) ____'s SakePete
86.7%
___ FooleryTom
81.9%
_____ DoeJohn
79.5%
Even _____Steven
78.3%
Starvin' _____Marvin
77.1%
_____ NillyWillie
75.9%
Nervous ______Nellie
72.3%
Heavens to ____Betsy
72.3%
Steady ____Eddy
68.7%
First name colloquialism Fill in the blank % Correct
___ BlowJoe
65.1%
Simple _____Simon
65.1%
Doubting ______Thomas
62.7%
Dapper ___Dan
61.4%
Jolly _____Roger
57.8%
___'s Your UncleBob
48.2%
___ DandyJim
43.4%
Lazy _____Susan
39.8%
___ LegPeg
34.9%
_____ HorseCharlie
32.5%
_____ PinBobby
24.1%
_____ ClubBilly
15.7%

You're not logged in!

Compare scores with friends on all Sporcle quizzes.
Sign Up with Email
OR
Log In

You Might Also Like...

Show Comments

Extras

Top Quizzes Today


Score Distribution

Your Account Isn't Verified!

In order to create a playlist on Sporcle, you need to verify the email address you used during registration. Go to your Sporcle Settings to finish the process.

Report this User

Report this user for behavior that violates our Community Guidelines.

Details: